Online katalóg knižníc regiónu Turca

Ako ich nepoznáme (Record no. 20014)

MARC details
000 -LEADER
fixed length control field 02482nam a2200697 4500
001 - CONTROL NUMBER
control field 20014
003 - CONTROL NUMBER IDENTIFIER
control field VRT
005 - DATE AND TIME OF LATEST TRANSACTION
control field 20260114092227.0
008 - FIXED-LENGTH DATA ELEMENTS--GENERAL INFORMATION
fixed length control field 251103s2025 xo o g cn 000 0dslo d
020 ## - INTERNATIONAL STANDARD BOOK NUMBER
International Standard Book Number 9788085746976
Qualifying information (brožované)
039 #9 - LEVEL OF BIBLIOGRAPHIC CONTROL AND CODING DETAIL [OBSOLETE]
Level of rules in bibliographic description 202511050823
Level of effort used to assign nonsubject heading access points msvkbb05
040 ## - CATALOGING SOURCE
Original cataloging agency SVKBB
Language of cataloging slo
Transcribing agency SVKBB
Description conventions rda
041 0# - LANGUAGE CODE
Language code of text/sound track or separate title slo
043 ## - GEOGRAPHIC AREA CODE
Geographic area code e-xo---
044 ## - COUNTRY OF PUBLISHING/PRODUCING ENTITY CODE
MARC country code xo
ISO country code SK
072 #7 - SUBJECT CATEGORY CODE
Subject category code 72/76
Subject category code subdivision Výtvarné umenie
Source konspekt
080 ## - UNIVERSAL DECIMAL CLASSIFICATION NUMBER
Universal Decimal Classification number 75.071.1
Edition identifier 2011
080 ## - UNIVERSAL DECIMAL CLASSIFICATION NUMBER
Universal Decimal Classification number (083.824)
Edition identifier 2011
080 ## - UNIVERSAL DECIMAL CLASSIFICATION NUMBER
Universal Decimal Classification number (084.11)
Edition identifier 2011
080 ## - UNIVERSAL DECIMAL CLASSIFICATION NUMBER
Universal Decimal Classification number (437.6)
Edition identifier 2011
080 ## - UNIVERSAL DECIMAL CLASSIFICATION NUMBER
Universal Decimal Classification number 72/76
Edition identifier 2011
100 1# - MAIN ENTRY--PERSONAL NAME
Personal name Bartoš, Peter
Relationship art
245 10 - TITLE STATEMENT
Title Ako ich nepoznáme
Statement of responsibility, etc. kurátorka, texty: Barbora Kurek Geržová
264 #1 - PRODUCTION, PUBLICATION, DISTRIBUTION, MANUFACTURE, AND COPYRIGHT NOTICE
Place of production, publication, distribution, manufacture Nitra
Name of producer, publisher, distributor, manufacturer Nitrianska galéria
300 ## - PHYSICAL DESCRIPTION
Extent 101 strán
Other physical details farebné fotografie
Dimensions 26 cm
336 ## - CONTENT TYPE
Content type term text
Content type code txt
Source rdacontent
336 ## - CONTENT TYPE
Content type term statický obraz
Content type code sti
Source rdacontent
337 ## - MEDIA TYPE
Media type term bez média
Media type code n
Source rdamedia
338 ## - CARRIER TYPE
Carrier type term zväzok
Carrier type code nc
Source rdacarrier
366 ## - TRADE AVAILABILITY INFORMATION
Note 200 kusov
500 ## - GENERAL NOTE
General note Katalóg bol vydaný k projektu Ako ich nepoznáme, kotrý je súčasťou cyklu výstav pripravovaných pri príležitosti 60. výročia založenia Nitrianskej galérie
504 ## - BIBLIOGRAPHY, ETC. NOTE
Bibliography, etc. note Obsahuje bibliografické odkazy
650 07 - SUBJECT ADDED ENTRY--TOPICAL TERM
Topical term or geographic name entry element maliari
Source of heading or term SNKPH
650 07 - SUBJECT ADDED ENTRY--TOPICAL TERM
Topical term or geographic name entry element Painters
Source of heading or term SNKPHeng
650 07 - SUBJECT ADDED ENTRY--TOPICAL TERM
Topical term or geographic name entry element výtvarné umenie
Source of heading or term SNKPH
650 07 - SUBJECT ADDED ENTRY--TOPICAL TERM
Topical term or geographic name entry element Fine art
Source of heading or term SNKPHeng
651 #7 - SUBJECT ADDED ENTRY--GEOGRAPHIC NAME
Geographic name Slovensko
Source of heading or term SNKPHgeo
651 #7 - SUBJECT ADDED ENTRY--GEOGRAPHIC NAME
Geographic name Slovakia
Source of heading or term SNKPHeng
655 #7 - INDEX TERM--GENRE/FORM
Genre/form data or focus term katalógy výstav
Source of term SNKPH
655 #7 - INDEX TERM--GENRE/FORM
Genre/form data or focus term Exhibition catalogs
Source of term SNKPHeng
655 #7 - INDEX TERM--GENRE/FORM
Genre/form data or focus term obrazové publikácie
Source of term SNKPH
655 #7 - INDEX TERM--GENRE/FORM
Genre/form data or focus term Pictorial works
Source of term SNKPHeng
700 1# - ADDED ENTRY--PERSONAL NAME
Personal name Benka, Martin,
Dates associated with a name 1888-1971
Relationship art
700 1# - ADDED ENTRY--PERSONAL NAME
Personal name Čarný, Ladislav,
Dates associated with a name 1949-
Relationship art
700 1# - ADDED ENTRY--PERSONAL NAME
Personal name Filko, Stanislav,
Dates associated with a name 1937-2015
Relationship art
700 1# - ADDED ENTRY--PERSONAL NAME
Personal name Guderna, Ladislav,
Dates associated with a name 1921-1999
Relationship art
700 1# - ADDED ENTRY--PERSONAL NAME
Personal name Jakoby, Július,
Dates associated with a name 1903-1985
Relationship art
700 1# - ADDED ENTRY--PERSONAL NAME
Personal name Klimo, Alojz,
Dates associated with a name 1922-2000
Relationship art
700 1# - ADDED ENTRY--PERSONAL NAME
Personal name Koller, Július,
Dates associated with a name 1939-2007
Relationship art
700 1# - ADDED ENTRY--PERSONAL NAME
Personal name Pascoe Mikyšková, Monika,
Dates associated with a name 1983-
Relationship art
700 1# - ADDED ENTRY--PERSONAL NAME
Personal name Nicz, Miroslav,
Dates associated with a name 1963-
Relationship art
700 1# - ADDED ENTRY--PERSONAL NAME
Personal name Paštéka, Milan,
Dates associated with a name 1931-1998
Relationship art
700 1# - ADDED ENTRY--PERSONAL NAME
Personal name Popovič, Vladimír,
Dates associated with a name 1939-2025
Relationship art
700 1# - ADDED ENTRY--PERSONAL NAME
Personal name Šimerová-Martinčeková, Ester,
Dates associated with a name 1909-2005
Relationship art
700 ## - ADDED ENTRY--PERSONAL NAME
Personal name Kurek Geržová, Barbora
Relationship cur
-- aut
700 1# - ADDED ENTRY--PERSONAL NAME
Personal name Šakový, Adam,
Dates associated with a name 1987-
Relationship pht
700 1# - ADDED ENTRY--PERSONAL NAME
Personal name Bízik, Martin,
Dates associated with a name 1996-
Relationship bkd
942 ## - ADDED ENTRY ELEMENTS (KOHA)
Source of classification or shelving scheme Dewey Decimal Classification
Koha item type Krásna literatúra pre dospelých
Suppress in OPAC No
949 ## - LOCAL PROCESSING INFORMATION (OCLC)
6 273K0699575
a svkpoC 65251
b svkpo688632
949 ## - LOCAL PROCESSING INFORMATION (OCLC)
6 270001000632271
a svkbbC 67942
b svkbbm 817188
Holdings
Stav vyradenia Strata Poškodenie Spôsob nadobudnutia Domovská knižnica Aktuálna knižnica Dátum nadobudnutia Total checkouts Čiarový kód exemplára Date last seen Typ exemplára
      Dar Administrácia z TK Martin Administrácia z TK Martin 14.01.2026   poprad___ 14.01.2026 Krásna literatúra pre dospelých
Projekt je podporený Slovenskou asociáciou knižníc
Prevádzkuje Turčianska knižnica Martin 2026